000 00714 a2200229 4500
999 _c192677
_d192677
003 dpl
005 20220929145414.0
008 220929b ||||| |||| 00| 0 eng d
020 _a818673497
_c75.00
035 _aB-211075
037 _bRP-PV-4 / PANSY-07-08:5 / RP-07-08:ENG
040 _cdpl
082 1 4 _aN
100 1 _aGardner, Erle Stanley
245 1 _aThe case of the Waylaid Wolf
_cby Erle Stanley Gardner
260 _aBangalore
_bMaster Mind Books
_c2005r
270 _aNo. 25, Vasan Towers, Dr. TCM Royan Raod
_e560053
_k080-26705679
_mvasanbks@bgl.net.in
300 _a208 p
_c18 cm (pbk)
490 _aA perry mason mystery
500 _aThis is reprint 2005
942 _adpl
_cEN
_kN / GAR
_2ddc